000 00294nam a22001337a 4500
008 170615b xxu||||| |||| 00| 0 eng d
020 _a9780415903066
041 _aeng
080 _a34
100 _a15
101 _aSHJ
245 _aAT THE BOUNDARIES OF LAW
_cFINEMAN,M.A
942 _2udc
_cBK
999 _c17518
_d17518